PRINCIPLES & PRACTICE OF THERAPEUTIC MASSAGE (Record no. 1401)
[ view plain ]
| 000 -LEADER | |
|---|---|
| fixed length control field | 00370nam a2200145Ia 4500 |
| 008 - FIXED-LENGTH DATA ELEMENTS--GENERAL INFORMATION | |
| fixed length control field | 150201s2010 xx 000 0 und d |
| 082 ## - DEWEY DECIMAL CLASSIFICATION NUMBER | |
| Classification number | 615.8 |
| Item number | P10S |
| 100 ## - MAIN ENTRY--PERSONAL NAME | |
| Personal name | SINHA, AKHOURY, GOURANG |
| 245 ## - TITLE STATEMENT | |
| Title | PRINCIPLES & PRACTICE OF THERAPEUTIC MASSAGE |
| 250 ## - EDITION STATEMENT | |
| Edition statement | 2ND |
| 260 ## - PUBLICATION, DISTRIBUTION, ETC. (IMPRINT) | |
| Name of publisher, distributor, etc. | JAYPEE |
| Place of publication, distribution, etc. | DELHI |
| Date of publication, distribution, etc. | 2010 |
| 300 ## - PHYSICAL DESCRIPTION | |
| Extent | 1-189 |
| 650 ## - SUBJECT ADDED ENTRY--TOPICAL TERM | |
| Topical term or geographic name as entry element | PHYSIOTHERAPY |
| 942 ## - ADDED ENTRY ELEMENTS (KOHA) | |
| Source of classification or shelving scheme | Dewey Decimal Classification |
| Koha item type | Books |
| Koha issues (borrowed), all copies | 1 |
| Withdrawn status | Lost status | Source of classification or shelving scheme | Damaged status | Not for loan | Collection code | Home library | Current library | Shelving location | Date acquired | Source of acquisition | Cost, normal purchase price | SGTU | Bill Number | Total Checkouts | Full call number | Barcode | Date last seen | Date last checked out | Bill Date | Koha item type |
|---|---|---|---|---|---|---|---|---|---|---|---|---|---|---|---|---|---|---|---|---|
| Dewey Decimal Classification | MEDICAL | SGT Medical Library | SGT Medical Library | Text Book | 26/11/2012 | ABC DELHI | 195.00 | SGTU | 2954 | 8 | 615.8 P10S | FM5073 | 09/05/2020 | 09/03/2020 | 26/12/2012 | Books | ||||
| Dewey Decimal Classification | MEDICAL | SGT Medical Library | SGT Medical Library | Text Book | 26/11/2012 | ABC DELHI | 195.00 | SGTU | 2954 | 8 | 615.8 P10S | FM5074 | 14/06/2024 | 12/06/2024 | 26/12/2012 | Books | ||||
| Dewey Decimal Classification | MEDICAL | SGT Medical Library | SGT Medical Library | Text Book | 26/11/2012 | ABC DELHI | 195.00 | SGTU | 2954 | 14 | 615.8 P10S | FM5075 | 03/12/2020 | 12/03/2020 | 26/12/2012 | Books |